000 00489cam a22001934a 4500
005 20250605164153.0
008 250528s ||||||||||||||||||||||||d
035 _a19446
020 _a9608479010
040 _aGR-AtMCL
_bgre
_dGR-AtMCL
_eAACR2
245 1 _aΣΤΟΙΧΕΙΑ ΕΡΓΑΤΙΚΟΥ ΔΙΚΑΙΟΥ
250 _a1
300 _a189
700 1 _aΜπογκα-Καρτερη Καιτη
_95699
942 _cBK
260 _bGlobal
999 _c4702
_d4702